| 000 | 00441nam a2200169 4500 | ||
|---|---|---|---|
| 003 | SEACOMEC | ||
| 005 | 20231031053113.0 | ||
| 008 | 231031b |||||||| |||| 00| 0 eng d | ||
| 020 | _cRs.175.00 | ||
| 040 | _aSEACOMEC | ||
| 082 | 1 |
_a547 _bM953 |
|
| 100 | 1 | _aMukherji,S.M. | |
| 245 | 1 |
_aOrganic chemistry _cS.M. Mukherji,S.P. Singh,R.P. Kapbon |
|
| 260 | 1 |
_aNew Delhi _bNew Age |
|
| 650 | _aNatural sciences, Organic chemistry | ||
| 942 | _cBOOK | ||
| 999 |
_c259 _d259 |
||